000 00296nam a22001217a 4500
082 _a297.63 QAD
100 _a Dr Allama Tahir ul Qadri.
_969358
245 _aHusn-e-Sarapaye Rasool
260 _aLAHORE
_b Minhaj-ul-Quran Publications
_c2002
300 _a2008p
650 _aislam
942 _cBK
999 _c576683
_d576683